Loading...
Ragatalacintamani of poluri Govinda kavi /
| Other Authors: | |
|---|---|
| Format: | Printed Book |
| Published: |
Hyderabad:
Dhanush,
2008.
|
| Subjects: |
| LEADER | 00558cam a2200169ua 4500 | ||
|---|---|---|---|
| 008 | 110602t2008||||||||||| 00 ||||| c | ||
| 082 | |a 780.954 8 |b KRI/R | ||
| 245 | 1 | 0 | |a Ragatalacintamani of poluri Govinda kavi / |
| 260 | |a Hyderabad: |b Dhanush, |c 2008. | ||
| 300 | |a 573p.. | ||
| 362 | 1 | |a 2008. | |
| 650 | |a Music-South India | ||
| 650 | 0 | |a Karnatic music | |
| 700 | 0 | 2 | |a Krishna Veni,, N. |
| 942 | |c BK | ||
| 999 | |c 25656 |d 25656 | ||
| 952 | |0 0 |1 0 |4 0 |6 780_954000000000000_8_KRI |7 0 |9 27351 |a KUCL |b KUCL |d 2014-05-23 |l 1 |o 780.954 8 KRI/ |p 26274 |r 2020-11-17 |s 2020-10-14 |w 2014-05-23 |y BK | ||